| 000 | 01505cas a2200373 a 4500 | ||
|---|---|---|---|
| 001 | 11369506 | ||
| 005 | 20031214185315.0 | ||
| 008 | 881116c19889999ii fr p s 0 a0eng d | ||
| 010 | _a 90640754 | ||
| 022 | _a0970-4205 | ||
| 030 | _aJFANE9 | ||
| 035 | _a(OCoLC)ocm18767483 | ||
| 037 | _bOm Sai Ram Centre for Financial Management Research and Training, 15, Prakash Co-op Housing Society, Relief Road, Juhu Santacruz (W) Bombay 400 054, India | ||
| 040 |
_aMH-BA _cMH-BA _dMH _dICRL _dDLC _dOUCA _dICRL _dInU _dOCoLC |
||
| 042 | _alc | ||
| 050 |
_aHG4001 _b.J68 |
||
| 082 |
_a658.1505 _220 |
||
| 245 | _aJournal of financial management and analysis. | ||
| 246 | _aJFMA | ||
| 260 |
_aBombay, India : _bOm Sai Ram Centre for Financial Management Research and Training, _c[1988- |
||
| 300 |
_av. ; _c28 cm. |
||
| 310 | _aSemiannual | ||
| 362 | _aVol. 1, no. 1 (Jan. 1988)- | ||
| 500 | _aTitle from cover. | ||
| 590 | _aSERBIB/SERLOC merged record | ||
| 650 |
_aCorporations _xFinance _vPeriodicals. |
||
| 710 | _aOm Sai Ram Centre for Financial Management Research and Training. | ||
| 270 |
_a15 Prakash Cooperative Housing Society Relief Road, Santacruz (West) _bMumbai _f400054 |
||
| 906 |
_a7 _bcbc _cserials _d3 _encip _f19 _gn-oclcserc |
||
| 942 |
_2ddc _cSR _h658.1505 _mJOU _s1 |
||
| 999 |
_c25687 _d25687 |
||